| 000 | 00649nam a2200205 a 4500 | ||
|---|---|---|---|
| 001 | BRCA_1837 | ||
| 005 | 20190320203554.0 | ||
| 008 | 691007r19691927nyua---##b---#001-0#eng-# | ||
| 040 |
_aDLC _cDLC _dDLC |
||
| 050 | 4 |
_aN7260 _b.B35 1969 |
|
| 100 | 1 |
_aBall, Katherine M. _d1859- _95711 |
|
| 245 | 1 | 0 |
_aDecorative Motives of Oriental Art _cKatherine M. Ball. |
| 260 |
_aNueva York _bHacker Art Books _c1969 |
||
| 300 |
_axxvi, 286 p. _bil. blanco y negro _c31 cm. |
||
| 500 | _aPrimera publicación en 1927 | ||
| 504 | _aBibliografía: p. [273]-281 | ||
| 650 | 1 | 4 |
_aArte _zAsia _95712 |
| 650 | 1 | 4 |
_aDecoración y ornamentación _zAsia _95713 |
| 942 |
_2lcc _cB |
||
| 999 |
_c1618 _d1618 |
||